000 01031nam0a22002651 4500
001 rc\3016983
005 20250806201207.0
035 _a(NLR Aleph) 007159229
090 _a16806
_c16806
100 _a20110926d1944 u y0rusy50 ca
101 0 _arus
102 _aRU
105 _aa z |||||
200 1 _aИнженерное обеспечение действий танков зимой
_eИнструкция
_f[Сост. Инж. ком. Красной Армии]
_gШтаб инж. войск Красной Армии
205 _a2-е изд. (испр. и доп.)
210 _aМосква
_cВоен. изд-во
_d1944
_gтип. им. Тимошенко
215 _a64 с.
_cил., черт.
_d16 см
712 0 1 _aСССР
_bИнженерный комитет Красной Армии
_4570
801 0 _aRU
_bNLR
_gpsbo
801 1 _aRU
_bELAR
_2rusmarc
852 _aNLR
_jВ60 Г-2/999
942 _cBOOK
945 _aРоссийская национальная библиотека
980 _aNB
980 _aBV